[Event "Chess Classics"]
[Site "Frankfurt"]
[Date "1997.??.??"]
[Round "4"]
[White "Karpov, Anatoly"]
[Black "Topalov, Veselin"]
[Result "1/2-1/2"]
[WhiteElo "2760"]
[BlackElo "2725"]
[PlyCount "114"]
[EventDate "1997.06.26"]
[Source "ChessBase"]
[SourceDate "1997.07.29"]

1. d4 d5 2. c4 c6 3. Nc3 Nf6 4. e3 e6 5. Nf3 Nbd7 6. Bd3 Bd6 7. O-O O-O 8. Qc2 dxc4 9. Bxc4 b5 10. Bd3 Bb7 11. Ne4 Nxe4 12. Bxe4 Nf6 13. Bd3 c5 14. dxc5 Bxc5 15. Bxb5 Rc8 16. Qe2 Ne4 17. Bd3 Qf6 18. Nd2 Nd6 19. e4 Qg6 20. g3 f5 21. e5 Ne4 22. Nxe4 fxe4 23. Bc2 Bd5 24. Bb3 Rf3 25. Be3 Bxe3 26. fxe3 Bxb3 27. axb3 Rcf8 28. Rfd1 Qg4 29. Rd2 h5 30. Kh1 Qh3 31. Rg1 Qf5 32. Ra1 Qxe5 33. Rxa7 h4 34. Rdd7 hxg3 35. Rxg7+ Qxg7 36. Rxg7+ Kxg7 37. Qc4 Rh8 38. Qxe6 Rf1+ 39. Kg2 gxh2 40. Qe7+ Rf7 41. Qe5+ Rf6 42. Kh1 Rhh6 43. b4 Kg8 44. Qd5+ Kh8 45. Qd8+ Kg7 46. Qe7+ Rf7 47. Qe5+ Kg8 48. Qb5 Rg6 49. Qe8+ Kg7 50. Qe5+ Kg8 51. Qe8+ Kg7 52. Qe5+ Rff6 53. b5 Rg1+ 54. Kxh2 Rgg6 55. b6 Rh6+ 56. Kg3 Rhg6+ 57. Kh4 Rh6+ 1/2-1/2

[Event "Groningen (m/1) 71/(464)"]
[Site "?"]
[Date "1997.??.??"]
[Round "?"]
[White "Gelfand, Boris"]
[Black "Anand, Viswanathan"]
[Result "1/2-1/2"]
[WhiteElo "2695"]
[BlackElo "2765"]
[PlyCount "29"]
[EventDate "1997.??.??"]
[Source "ChessBase"]
[SourceDate "1997.10.01"]

1. d4 Nf6 2. c4 e6 3. Nf3 d5 4. Nc3 c6 5. e3 Nbd7 6. Qc2 Bd6 7. Bd3 O-O 8. O-O dxc4 9. Bxc4 a6 10. Rd1 b5 11. Bf1 c5 12. dxc5 Bxc5 13. Ne4 Nxe4 14. Qxe4 Nf6 15. Rxd8 1/2-1/2

[Event "1st ACP World Rapid Cup"]
[Site "Odessa UCR"]
[Date "2007.01.07"]
[Round "2.1"]
[White "Shirov, A."]
[Black "Gelfand, B."]
[Result "0-1"]
[WhiteElo "2715"]
[BlackElo "2733"]
[PlyCount "76"]
[EventDate "2007.01.05"]
[Source "www.chesslib.no"]
[SourceDate "2004.05.04"]

1. d4 d5 2. c4 c6 3. Nc3 Nf6 4. Nf3 a6 5. e3 e6 6. b3 Bb4 7. Bd2 Nbd7 8. Bd3 O-O 9. O-O Bd6 10. Qc2 h6 11. e4 dxc4 12. bxc4 e5 13. dxe5 Nxe5 14. Nxe5 Bxe5 15. Rad1 Ng4 16. g3 Bd4 17. Kg2 Ne5 18. Be2 Qd7 19. Kh1 Qh3 20. Bf4 Ng4 21. Bxg4 Bxg4 22. f3 Bxc3 23. fxg4 Bd4 24. c5 Rfe8 25. Bd6 Bf6 26. Qe2 Re6 27. e5 Rae8 28. Rf5 g6 29. Rxf6 Rxf6 30. Rb1 h5 31. gxh5 gxh5 32. Kg1 h4 33. Qg2 Qf5 34. Rb4 Rxe5 35. Bxe5 Qxe5 36. Rb1 h3 37. Qd2 Qxc5+ 38. Kh1 Qf2 0-1

[Event "Biel"]
[Site "?"]
[Date "1997.??.??"]
[Round "?"]
[White "Karpov, Anatoly"]
[Black "Gelfand, B."]
[Result "1/2-1/2"]
[WhiteElo "2745"]
[BlackElo "2695"]
[PlyCount "40"]
[EventDate "1997.??.??"]
[Source "ChessBase"]
[SourceDate "1997.06.01"]

1. d4 d5 2. c4 c6 3. Nc3 Nf6 4. e3 e6 5. Nf3 Nbd7 6. Qc2 Bd6 7. Bd3 O-O 8. O-O dxc4 9. Bxc4 b5 10. Bd3 Bb7 11. Bd2 b4 12. Ne4 Nxe4 13. Bxe4 Nf6 14. a3 bxa3 15. bxa3 Nxe4 16. Qxe4 Qe7 17. Rfb1 Rab8 18. Qg4 c5 19. dxc5 Bxc5 20. Bc3 f6 1/2-1/2

[Event "Groningen (m/1) 71/(464)"]
[Site "?"]
[Date "1997.??.??"]
[Round "?"]
[White "Khalifman, Alexander"]
[Black "Anand, Viswanathan"]
[Result "1/2-1/2"]
[WhiteElo "2655"]
[BlackElo "2765"]
[PlyCount "41"]
[EventDate "1997.??.??"]
[Source "ChessBase"]
[SourceDate "1997.10.01"]

1. d4 Nf6 2. c4 e6 3. Nf3 d5 4. Nc3 c6 5. e3 Nbd7 6. Qc2 Bd6 7. Bd3 O-O 8. O-O dxc4 9. Bxc4 a6 10. Rd1 b5 11. Be2 c5 12. dxc5 Bxc5 13. Ne4 Be7 14. Ne5 Nd5 15. Nc6 Qe8 16. Nc3 Nxc3 17. Nxe7+ Qxe7 18. Qxc3 Bb7 19. Bd2 Rfc8 20. Qd4 e5 21. Bb4 1/2-1/2

[Event "Corr"]
[Site "?"]
[Date "2002.01.15"]
[Round "?"]
[White "Bang Erik (DEN)"]
[Black "Anton Volker-Michael (GER"]
[Result "1/2-1/2"]
[WhiteElo "2658"]
[BlackElo "2664"]
[PlyCount "24"]
[EventDate "2002.??.??"]
[Source "www.chesslib.no"]
[SourceDate "2004.05.04"]

1. d4 Nf6 2. c4 e6 3. Nc3 d5 4. Nf3 c6 5. e3 Nbd7 6. Qc2 Bd6 7. Be2 O-O 8. O-O dxc4 9. Bxc4 a6 10. Rd1 c5 11. dxc5 Bxc5 12. Bd3 h6 1/2-1/2

[Event "Memorial Falcon rapi"]
[Site "?"]
[Date "1999.??.??"]
[Round "?"]
[White "Karpov Anatoly"]
[Black "Illescas Cordoba Miguel"]
[Result "1-0"]
[WhiteElo "2710"]
[BlackElo "2585"]
[PlyCount "36"]
[EventDate "1999.??.??"]
[Source "www.chesslib.no"]
[SourceDate "2004.05.04"]

1. d4 d5 2. c4 c6 3. Nc3 Nf6 4. e3 e6 5. Nf3 Nbd7 6. Qc2 Bd6 7. Bd3 O-O 8. O-O dxc4 9. Bxc4 a6 10. Rd1 b5 11. Be2 Qc7 12. Ne4 Nxe4 13. Qxe4 Be7 14. Qxe6 fxe6 15. Bxb5 cxb5 16. Bd2 Bb7 17. Rac1 Qb6 18. Bc3 Nc5 1-0

[Event "Monte Carlo MNC"]
[Site "?"]
[Date "2006.03.23"]
[Round "5"]
[White "Nielsen Peter Heine"]
[Black "Van Wely Loek"]
[Result "1-0"]
[WhiteElo "2644"]
[BlackElo "2647"]
[PlyCount "40"]
[EventDate "2006.??.??"]
[Source "www.chesslib.no"]
[SourceDate "2004.05.04"]

1. Nf3 Nf6 2. c4 c6 3. d4 d5 4. e3 e6 5. Bd3 Nbd7 6. O-O Bd6 7. Nc3 O-O 8. e4 dxc4 9. Bxc4 e5 10. Be3 b5 11. Bb3 Bb7 12. a3 a6 13. Rc1 Qe7 14. Re1 Rad8 15. Bg5 exd4 16. e5 Nxe5 17. Ne4 c5 18. Nxe5 Bxe5 19. Nxc5 Bxg2 20. f4 Rd5 1-0

[Event "Tilburg"]
[Site "?"]
[Date "1992.??.??"]
[Round "?"]
[White "Vyzmanavin, A."]
[Black "Shirov, A."]
[Result "1-0"]
[WhiteElo "2580"]
[BlackElo "2710"]
[PlyCount "119"]
[EventDate "1992.??.??"]
[Source "ChessBase"]
[SourceDate "1992.10.01"]

1. d4 d5 2. c4 c6 3. Nc3 Nf6 4. e3 e6 5. Nf3 Nbd7 6. Qc2 Bd6 7. Be2 O-O 8. O-O dxc4 9. Bxc4 b5 10. Bd3 Bb7 11. a3 Qe7 12. Ng5 Bxh2+ 13. Kxh2 Ng4+ 14. Kg1 Qxg5 15. f3 Ngf6 16. e4 Qh4 17. Qf2 Qxf2+ 18. Kxf2 e5 19. Be3 exd4 20. Bxd4 a6 21. e5 Nh5 22. Ne4 Nf4 23. Rad1 Ne6 24. Bc3 c5 25. Rh1 g6 26. Nd6 Bc6 27. Be4 Nb8 28. Ke3 Ng5 29. Bd5 Bxd5 30. Rxd5 Nd7 31. f4 Nb6 32. Rdd1 Ne6 33. Ne4 Nc4+ 34. Kf3 Kg7 35. g4 Rfd8 36. Nd6 Nxd6 37. exd6+ f6 38. g5 Nd4+ 39. Bxd4 cxd4 40. Rxd4 fxg5 41. fxg5 Rac8 42. Rdh4 Kf7 43. Rxh7+ Ke6 44. d7 Rc5 45. Re1+ Kd6 46. Kf4 Rf5+ 47. Kg4 Rf2 48. Rg7 Rg2+ 49. Kf4 Rf2+ 50. Ke4 Rxb2 51. Rxg6+ Kxd7 52. Rd1+ Ke7 53. Rxd8 Kxd8 54. Rxa6 Ra2 55. Ra5 Ke7 56. Kf5 Kf7 57. Ra7+ Ke8 58. Ke6 Kf8 59. Kf6 Rf2+ 60. Kg6 1-0

[Event "France"]
[Site "?"]
[Date "2000.??.??"]
[Round "?"]
[White "Van Wely, L."]
[Black "Piket, Je"]
[Result "1-0"]
[WhiteElo "2640"]
[BlackElo "2645"]
[PlyCount "67"]
[EventDate "2000.??.??"]
[Source "Chess Informant"]
[SourceDate "2000.06.01"]

1. d4 d5 2. c4 c6 3. Nc3 Nf6 4. Nf3 e6 5. e3 Nbd7 6. Qc2 Bd6 7. Bd3 O-O 8. O-O dxc4 9. Bxc4 Qe7 10. Rd1 e5 11. Bb3 Bc7 12. h3 a6 13. Bd2 h6 14. Nh4 Rd8 15. Nf5 Qe8 16. Ne2 e4 17. d5 Ne5 18. Neg3 Bxf5 19. Nxf5 Qd7 20. dxc6 Qxf5 21. cxb7 Nf3+ 22. gxf3 Qg5+ 23. Kh1 exf3 24. Bxf7+ Kh8 25. Qg6 Qh4 26. Be6 Qxf2 27. Qg1 Qxg1+ 28. Kxg1 Rab8 29. Bc8 Ne4 30. Bb4 Rdxc8 31. bxc8=Q+ Rxc8 32. Rac1 Rb8 33. Rxc7 Rxb4 34. Rd4 1-0